000 00334nam a2200121Ia 4500
008 190216s9999||||xx |||||||||||||| ||und||
100 _aJoannis Milton Effigies
245 0 _aPoetry And Prose With Johnson Hazlitt Macaulay
260 _bOxford At The Clarendon Press
_c1962
300 _a223p
650 _aEnglish Poetry
942 _cBK
999 _c11975
_d11975